Ang alamat ng lansones / (Record no. 21473)

000 -LEADER
fixed length control field 00466nam a22001457a 4500
003 - CONTROL NUMBER IDENTIFIER
control field OSt
005 - DATE AND TIME OF LATEST TRANSACTION
control field 20260126132136.0
008 - FIXED-LENGTH DATA ELEMENTS--GENERAL INFORMATION
fixed length control field 251022n xxua|||jr|||| 00| j fil |
040 ## - CATALOGING SOURCE
Transcribing agency csuc
082 ## - DEWEY DECIMAL CLASSIFICATION NUMBER
Edition number 23
Item number D582
100 1# - MAIN ENTRY--PERSONAL NAME
Personal name Dimaano, Antonio
245 ## - TITLE STATEMENT
Title Ang alamat ng lansones /
Statement of responsibility, etc muling isinalaysay ni Antonio Dimaano ; guhit ni Grace Aresa.
260 ## - PUBLICATION, DISTRIBUTION, ETC. (IMPRINT)
Place of publication, distribution, etc [place of publication not identified] :
Name of publisher, distributor, etc [name of publisher not identified],
Date of publication, distribution, etc [2020?].
942 ## - ADDED ENTRY ELEMENTS (KOHA)
Source of classification or shelving scheme
Koha item type Books
Holdings
Price effective from Permanent Location Date last seen Not for loan Date acquired Source of classification or shelving scheme Koha item type Lost status Withdrawn status Copy number Source of acquisition Collection code Damaged status Barcode Shelving location Current Location Full call number
2025-10-22Cagayan State University - Carig Library2025-10-22 2025-10-22 Books  1DonationChildren Section C000430Children SectionCagayan State University - Carig LibraryCS C430 D591 2009
2026-01-20Cagayan State University - Carig Library2026-01-26 2026-01-26 Books  2DonationChildren Section C000999 Children SectionCagayan State University - Carig LibraryCS C999 D591 2009

Cagayan State University University Library, Carig Campus
Tuguegarao City, Cagayan 3500 | www.csucarig.edu.ph

Powered by Koha